El peregrino Camanita : (Record no. 194929)

MARC details
000 -LEADER
campo de control de longitud fija 01319nam a2200361 i 4500
001 - NÚMERO DE CONTROL
campo de control 194929
003 - IDENTIFICADOR DE NÚMERO DE CONTROL
campo de control SpMaBN
005 - FECHA Y HORA DE LA ÚLTIMA TRANSACCIÓN
campo de control 20240527153832.0
007 - CAMPO FIJO DE DESCRIPCIÓN FÍSICA--INFORMACIÓN GENERAL
campo de control de longitud fija ta
008 - DATOS DE LONGITUD FIJA--INFORMACIÓN GENERAL
campo de control de longitud fija 240522q19401944sp j spa
016 7# - NÚMERO DE CONTROL DE UNA AGENCIA BIBLIOGRÁFICA NACIONAL
Número de control del registro bimoBNE19981663747
Número de control cancelado/no válido IND9200363304
Fuente SpMaBN
035 ## - NÚMERO DE CONTROL DEL SISTEMA
Número de control de sistema (OCoLC)733443375
035 ## - NÚMERO DE CONTROL DEL SISTEMA
Número de control de sistema bimo0000921325
040 ## - FUENTE DE CATALOGACIÓN
Centro catalogador/agencia de origen SpMaBN
Lengua de catalogación spa
Centro/agencia transcriptor A2
Centro/agencia modificador SpMaBN
Normas de descripción ES-MaACL
080 ## - NÚMERO DE LA CLASIFICACIÓN DECIMAL UNIVERSAL
Número de la Clasificación Decimal Universal 821.113.4-32"18"
100 1# - ENTRADA PRINCIPAL--NOMBRE DE PERSONA
Nombre de persona Gjellerup, Karl,
Fechas asociadas al nombre 1857-1919
Número de control del registro de autoridad o número normalizado XX949461
9 (RLIN) 236550
245 13 - MENCIÓN DEL TÍTULO
Título El peregrino Camanita :
Resto del título una gran novela completa /
Mención de responsabilidad, etc. Carlos Gjellerup.
260 ## - PUBLICACIÓN, DISTRIBUCIÓN, ETC.
Lugar de publicación, distribución, etc. Madrid :
Nombre del editor, distribuidor, etc. Dédalo,
Fecha de publicación, distribución, etc. [entre 1940 y 1944]
300 ## - DESCRIPCIÓN FÍSICA
Extensión 43 p. ;
Dimensiones 32 cm
336 ## - TIPO DE CONTENIDO
Fuente rdacontent
Término de tipo de contenido texto
337 ## - TIPO DE MEDIO
Fuente rdamedia
Nombre/término del tipo de medio sin mediación
338 ## - TIPO DE SOPORTE
Fuente rdacarrier
Nombre/término del tipo de soporte volumen
490 1# - MENCIÓN DE SERIE
Mención de serie Novelas y cuentos
500 ## - NOTA GENERAL
Nota general traducción de: Pilgrimen Kamanita
594 ## - NOTA AL TITULO Y MENCION DE RESPONSABILIDAD
Nota al título y mención de responsabilidad Título original: Pilgrimen Kamanita
773 ## - ASIENTO DE ITEM FUENTE
Número bibliográfico anfitrión 194867
Número de ítem anfitrión 202503
Parte(s) relacionada(s) G-15982
Encabezamiento principal Obras encuadernadas juntas
830 ## - PUNTO DE ACCESO ADICIONAL DE SERIE-TÍTULO UNIFORME
9 (RLIN) 236505
Título uniforme Novelas y cuentos (Dédalo)
852 ## - LOCALIZACIÓN
Ubicación ES-MaACL
Ubicación en estantería Depósito 2
Número de control de estantería G-15982(14)
Donativo/Legado Legado: Juan Antonio Porto
Encuadernación Encuadernado con otras obras formando un volumen facticio
itemnumber 202503
942 ## - ELEMENTOS DE ENTRADA SECUNDARIOS (KOHA)
Suprimir en OPAC No
Tipo de ítem Koha Folleto

No items available.